000 00393nam a2200145 a 4500
005 20140412111243.0
008 020307s19uu xx 00 eng d
050 _aER
_bBe365
245 _aBeach /
_cillustrated by Terry Burton.
260 _aTokyo :
_bFroebel-kan co., ltd,
_c[n.d.]
300 _a1 v. (unp.) ; ill.
440 _aWide wide world
650 _aPicture words
999 _c102824
_d102824